000 00465nam a2200193Ia 4500
005 20230821104249.0
008 131103s9999 xx 000 0 und d
020 _a671724134
_cRs.65
040 _aLoreto College
041 _aEnglish
082 _aF
_bHIG
100 _aHiggins,Jack
245 _aCold Harbour
_cJack Higgins
260 _aNew York
_bPocket Books
_c1990
300 _a310 p.
650 _aFiction in English
850 _aLCLIB
942 _cBK
999 _c14859
_d65338